UBT Library

Lead like Jesus : (Record no. 45176)

000 -LEADER
fixed length control field 00953cam a22002894a 4500
001 - CONTROL NUMBER
control field 14131404
005 - DATE AND TIME OF LATEST TRANSACTION
control field 20180315101311.0
008 - FIXED-LENGTH DATA ELEMENTS--GENERAL INFORMATION
fixed length control field 051004s2005 tnua b 000 0 eng
010 ## - LIBRARY OF CONGRESS CONTROL NUMBER
LC control number 2005028427
020 ## - INTERNATIONAL STANDARD BOOK NUMBER
International Standard Book Number 0849900409 (hardcover)
020 ## - INTERNATIONAL STANDARD BOOK NUMBER
International Standard Book Number 0849991420 (International edition)
020 ## - INTERNATIONAL STANDARD BOOK NUMBER
International Standard Book Number 9780849900402
035 ## - SYSTEM CONTROL NUMBER
System control number (OCoLC)ocm61864197
035 ## - SYSTEM CONTROL NUMBER
System control number (OCoLC)61864197
040 ## - CATALOGING SOURCE
Original cataloging agency DLC
Transcribing agency DLC
Modifying agency DLC
041 ## - LANGUAGE CODE
Language code of text/sound track or separate title eng
042 ## - AUTHENTICATION CODE
Authentication code pcc
-- lcac
080 ## - UNIVERSAL DECIMAL CLASSIFICATION NUMBER
Universal Decimal Classification number 253 BLA
082 00 - DEWEY DECIMAL CLASSIFICATION NUMBER
Classification number 253 BLA
Edition number 22
100 1# - Rafti
Rafti 54
101 ## - Shkurtesa
Shkurtesa LID
245 10 - TITLE STATEMENT
Title Lead like Jesus :
Statement of responsibility, etc Ken Blanchard and Phil Hodges.
504 ## - BIBLIOGRAPHY, ETC. NOTE
Bibliography, etc Includes bibliographical references (p. 237-239).
906 ## - LOCAL DATA ELEMENT F, LDF (RLIN)
a 7
b cbc
c orignew
d 1
e ecip
f 20
g y-gencatlg
942 ## - ADDED ENTRY ELEMENTS (KOHA)
Source of classification or shelving scheme
Item type Books
Holdings
Withdrawn status Lost status Source of classification or shelving scheme Damaged status Not for loan Collection code Permanent location Current location Shelving location Date acquired Total Checkouts Full call number Barcode Date last seen Price effective from Koha item type
          Koleksioni i përgjithshem UBT - Lipjan UBT - Lipjan Koleksioni i përgjithshem 03/15/2018   253 BLA 002-3001618 03/15/2018 03/15/2018 Books
UBT Library © 2015-2024. All rights reserved University Education for Business and Technology